|
|
|
|
| LEADER |
00000nam0a2200000 4500 |
| 001 |
117429 |
| 005 |
20231101215413.0 |
| 010 |
|
|
|a 9785389057319
|
| 035 |
|
|
|a (RuTPU)RU\TPU\book\127107
|
| 035 |
|
|
|a RU\TPU\book\127106
|
| 090 |
|
|
|a 117429
|
| 100 |
|
|
|a 20070602d2018 m y0rusy50 ca
|
| 101 |
0 |
|
|a rus
|c grc
|
| 102 |
|
|
|a RU
|
| 105 |
|
|
|a y z 000gy
|
| 200 |
1 |
|
|a Одиссея
|e пер. с древнегреч.
|f Гомер
|
| 210 |
|
|
|a Санкт-Петербург
|c Азбука
|c Азбука-Аттикус
|d 2018
|
| 215 |
|
|
|a 474 с.
|
| 225 |
1 |
|
|a Мировая классика
|
| 606 |
1 |
|
|a Греческая литература
|2 stltpush
|3 (RuTPU)RU\TPU\subj\8636
|9 36008
|
| 610 |
1 |
|
|a эпическая поэзия
|
| 610 |
1 |
|
|a Древняя Греция
|
| 610 |
1 |
|
|a путешествия
|
| 675 |
|
|
|a 875
|v 3
|
| 700 |
|
0 |
|a Гомер
|c древнегреческий поэт
|f 12 в. до н.э.
|2 stltpush
|3 (RuTPU)RU\TPU\pers\667
|9 307
|
| 801 |
|
1 |
|a RU
|b 63413507
|c 20070601
|g PSBO
|
| 801 |
|
2 |
|a RU
|b 63413507
|c 20200714
|g PSBO
|
| 942 |
|
|
|c BK
|